000
00322nam a22001337a 4500
008
181219b xxu||||| |||| 00| 0 eng d
020
_a
9781854106865
041
_a
eng
080
_a
721
100
_a
44
101
_a
ARK
245
_a
Doors Windows From The AQrchives Of Century Life
_c
Miers.m
942
_2
udc
_c
BK
999
_c
53500
_d
53500